000
00321nam a2200133Ia 4500
005
20251222143302.0
008
251222s9999||||xx |||||||||||||| ||spa||
020
_a
950-12-1066-9
082
_a
658.401.2/O39
100
_a
O'Keeffe, John
245
0
_a
La Empresa Fuera de Serie:
264
_b
México, D.F.
942
_c
LIB
999
_c
15387
_d
15387